| 000 | 00755cam a2200229 i 4500 | ||
|---|---|---|---|
| 005 | 20251204084438.0 | ||
| 008 | 250721s2004 jo gr 000 0 ara d | ||
| 020 | _a9957241060 | ||
| 082 | 1 | 4 |
_a214.2 _bش ر ي |
| 100 | 1 |
_aأبو شريخ، شاهر ذيب _eمؤلف. |
|
| 245 | 1 | 0 |
_aموسوعة أسماء الله الحسنى / _cالدكتور شاهر ذيب أبو شريخ. |
| 250 | _aالطبعة الأولى. | ||
| 264 | 3 | 1 |
_aعمان : _bدار صفاء، _c2004. |
| 300 | _a282 صفحة. | ||
| 650 | 1 | 7 | _aالأسماء الحسنى. |
| 650 | 1 | 7 | _aالله. |
| 650 | 1 | 7 | _aالعقيدة الدينية. |
| 650 | 1 | 7 | _aالتوحيد. |
| 650 | 1 | 7 | _aالموسوعات. |
| 942 |
_2ddc _cBK |
||
| 999 |
_c78584 _d78584 |
||